[Event "Zalakarosi Sakkfesztivál open"]
[Site "Zalakaros"]
[Date "2018.05.30"]
[Round "6.8"]
[White "Ostovic, Matija"]
[Black "Pribelszky, Bence"]
[Result "1-0"]
[WhiteElo "2352"]
[BlackElo "2187"]
[PlyCount "75"]
[EventDate "2018.05.25"]
[EventType "swiss"]
[EventRounds "9"]
[EventCountry "HUN"]

1. d4 Nf6 2. c4 e6 3. Nf3 b6 4. e3 Bb7 5. Bd3 c5 6. O-O Be7 7. Nc3 d5 8. cxd5
exd5 9. b3 O-O 10. Bb2 Nbd7 11. Ne2 Rc8 12. Ne5 cxd4 13. Nxd7 Qxd7 14. Nxd4 Ne4
15. Bb5 Qd8 16. Qg4 Bf6 17. Ba3 Nc5 18. Rad1 a6 19. Bd3 Re8 20. Nf5 g6 21. Bb1
Rc7 22. Ng3 Qc8 23. Qb4 b5 24. Qf4 Be5 25. Qh4 Ne4 26. Bxe4 dxe4 27. Bd6 Rd7
28. Nf5 Qd8 29. Nh6+ Kg7 30. Bxe5+ Rxe5 31. Qxd8 Rxd8 32. Rxd8 Kxh6 33. Rc1 Re7
34. Rcd1 Bc6 35. R8d6 Bb7 36. Rd7 Rxd7 37. Rxd7 Bc8 38. Rxf7 1-0

[Event "Zalakarosi Sakkfesztivál open"]
[Site "Zalakaros"]
[Date "2018.05.30"]
[Round "6.9"]
[White "Pasti, Aron"]
[Black "Krykun, Yuriy"]
[Result "0-1"]
[WhiteElo "2064"]
[BlackElo "2338"]
[PlyCount "76"]
[EventDate "2018.05.25"]
[EventType "swiss"]
[EventRounds "9"]
[EventCountry "HUN"]

1. e4 e5 2. Nf3 Nc6 3. Bb5 a6 4. Ba4 Nf6 5. O-O Be7 6. Re1 b5 7. Bb3 d6 8. c3
O-O 9. h3 Nb8 10. d4 Nbd7 11. Nbd2 Bb7 12. Bc2 Re8 13. Nf1 Bf8 14. Ng3 g6 15.
a4 c5 16. d5 c4 17. Bg5 Be7 18. Nh2 Nc5 19. Ng4 Nxg4 20. Bxe7 Qxe7 21. Qxg4 Bc8
22. Nf5 Qf6 23. axb5 Bxf5 24. exf5 axb5 25. fxg6 hxg6 26. h4 Kg7 27. h5 Qf4 28.
Qxf4 exf4 29. hxg6 Rxa1 30. Rxa1 Re2 31. Bd1 Re1+ 32. Kh2 fxg6 33. Ra7+ Kf6 34.
Bf3 Rb1 35. Ra8 Rxb2 36. Rd8 Ke7 37. Rg8 Rxf2 38. Rxg6 Rc2 0-1

[Event "Zalakarosi Sakkfesztivál open"]
[Site "Zalakaros"]
[Date "2018.05.30"]
[Round "6.11"]
[White "Geher, Koppany"]
[Black "Chakravarthi Reddy, M."]
[Result "0-1"]
[WhiteElo "2257"]
[BlackElo "2443"]
[PlyCount "78"]
[EventDate "2018.05.25"]
[EventType "swiss"]
[EventRounds "9"]
[EventCountry "HUN"]

1. e4 e6 2. d4 d5 3. Nd2 Nf6 4. e5 Nfd7 5. Bd3 c5 6. c3 Nc6 7. Ne2 cxd4 8. cxd4
f6 9. exf6 Nxf6 10. O-O Bd6 11. Nf3 Qc7 12. g3 Qb6 13. Bf4 Bxf4 14. Nxf4 Qxb2
15. Re1 O-O 16. Nxe6 Bxe6 17. Rxe6 Ne4 18. Be2 Nc3 19. Qf1 Rae8 20. Rxe8 Rxe8
21. Bd3 Rf8 22. Kg2 Ne4 23. Bxe4 dxe4 24. Ng5 h6 25. Nxe4 Qxd4 26. Re1 Qd5 27.
Re3 Qxa2 28. Qb5 Qf7 29. h4 Nd4 30. Qe5 Nc2 31. Rc3 Ne1+ 32. Kf1 Nf3 33. Qc5
Qd7 34. Kg2 Qg4 35. Qc4+ Kh8 36. Kf1 Qxe4 37. Qxe4 Nd2+ 38. Kg2 Nxe4 39. Rc2
Rxf2+ 0-1

[Event "Zalakarosi Sakkfesztivál open"]
[Site "Zalakaros"]
[Date "2018.05.30"]
[Round "6.12"]
[White "Peczely, Sebastian Zsombor"]
[Black "Meszaros, Tamas"]
[Result "1/2-1/2"]
[WhiteElo "2244"]
[BlackElo "2407"]
[PlyCount "83"]
[EventDate "2018.05.25"]
[EventType "swiss"]
[EventRounds "9"]
[EventCountry "HUN"]

1. e4 c5 2. Nf3 e6 3. d4 cxd4 4. Nxd4 Nf6 5. Nc3 d6 6. Be3 a6 7. f3 b5 8. Qd2
Nbd7 9. g4 Nb6 10. a3 Bb7 11. O-O-O Rc8 12. Rg1 Nfd7 13. g5 Ne5 14. f4 Nec4 15.
Bxc4 Nxc4 16. Qd3 Qa5 17. e5 d5 18. Nb3 Qc7 19. Bd4 g6 20. h4 Qc6 21. h5 a5 22.
hxg6 hxg6 23. Rh1 Rg8 24. Rh2 a4 25. Nd2 b4 26. axb4 a3 27. bxa3 Nxa3 28. b5
Qc7 29. Rdh1 Nc4 30. Nb3 Qe7 31. Nb1 Qb4 32. Bc3 Qa4 33. Rh8 Rxh8 34. Rxh8 Qxb5
35. f5 gxf5 36. g6 fxg6 37. Nd4 Qc5 38. Qg3 Kd7 39. Rh7+ Be7 40. Qxg6 Rc6 41.
Nxc6 Bxc6 42. Qg7 1/2-1/2

[Event "Zalakarosi Sakkfesztivál open"]
[Site "Zalakaros"]
[Date "2018.05.30"]
[Round "6.13"]
[White "Veleski, Robert"]
[Black "Fancsy, Imre"]
[Result "1/2-1/2"]
[WhiteElo "2225"]
[BlackElo "2388"]
[PlyCount "79"]
[EventDate "2018.05.25"]
[EventType "swiss"]
[EventRounds "9"]
[EventCountry "HUN"]

1. d4 d5 2. Bf4 Nf6 3. e3 c5 4. c3 Nc6 5. Nd2 Bf5 6. Qb3 Qd7 7. dxc5 e5 8. Bg3
Bxc5 9. Ngf3 Qe7 10. Bb5 d4 11. O-O dxe3 12. fxe3 O-O 13. Bxc6 bxc6 14. Bxe5
Ng4 15. Bd4 Rab8 16. Qc4 Bxd4 17. Qxd4 Rfd8 18. Qf4 Qxe3+ 19. Qxe3 Nxe3 20. Rf2
Rxb2 21. Re1 Nd5 22. Nd4 Bd7 23. Ne4 Rxf2 24. Kxf2 Rb8 25. Nc5 Be8 26. Nf5 Kf8
27. c4 Nf6 28. Nd6 Rd8 29. Ncb7 Rd7 30. c5 a6 31. Rb1 Nd5 32. Na5 Re7 33. Rb8
Nf6 34. Nxc6 Rc7 35. Ne5 Ke7 36. Nd3 g6 37. Ra8 Bb5 38. Nxb5 axb5 39. Rb8 Ne4+
40. Ke3 1/2-1/2

[Event "Zalakarosi Sakkfesztivál open"]
[Site "Zalakaros"]
[Date "2018.05.30"]
[Round "6.14"]
[White "Horak, Jiri"]
[Black "Srinath, Rao S.V."]
[Result "0-1"]
[WhiteElo "2131"]
[BlackElo "2363"]
[PlyCount "78"]
[EventDate "2018.05.25"]
[EventType "swiss"]
[EventRounds "9"]
[EventCountry "HUN"]

1. d4 Nf6 2. Nf3 g6 3. g3 Bg7 4. Bg2 O-O 5. O-O d6 6. c4 Nbd7 7. Nc3 e5 8. e3
Re8 9. b3 c6 10. Bb2 e4 11. Nd2 d5 12. f3 exf3 13. Qxf3 dxc4 14. Nxc4 Nf8 15.
Rae1 Bf5 16. h3 h5 17. Kh2 Ne6 18. d5 Ng5 19. Qd1 b5 20. Nd2 Nxd5 21. Bxd5 cxd5
22. h4 Bg4 23. Qc2 b4 24. Nb5 Rc8 25. Qb1 Bxb2 26. Qxb2 Ne4 27. Nxe4 Rxe4 28.
Rf4 Qe7 29. Rxe4 Qxe4 30. Nd4 Qe5 31. Qd2 Kg7 32. Rc1 Re8 33. Nc6 Qxe3 34. Qxe3
Rxe3 35. Nxb4 d4 36. Nd5 Re2+ 37. Kg1 d3 38. Rd1 d2 39. Nf4 Re1+ 0-1

[Event "Zalakarosi Sakkfesztivál open"]
[Site "Zalakaros"]
[Date "2018.05.30"]
[Round "6.15"]
[White "Jamrich, Gyorgy"]
[Black "Ianov, Viktor"]
[Result "0-1"]
[WhiteElo "2213"]
[BlackElo "2285"]
[PlyCount "94"]
[EventDate "2018.05.25"]
[EventType "swiss"]
[EventRounds "9"]
[EventCountry "HUN"]

1. e4 d6 2. d4 Nf6 3. Nc3 c6 4. Be2 e5 5. Bf3 Be7 6. Nge2 b5 7. a3 Qc7 8. h3 h5
9. d5 Bb7 10. dxc6 Bxc6 11. Ng3 g6 12. Bg5 Nbd7 13. Qe2 a6 14. h4 Nb6 15. O-O-O
Rc8 16. Nf1 Nc4 17. Rd3 a5 18. Bxf6 Bxf6 19. Ne3 Nxe3 20. fxe3 b4 21. Nd5 Bxd5
22. exd5 e4 23. Bxe4 Qc4 24. Rf1 Be5 25. Bf3 Qa2 26. Rd4 bxa3 27. Qb5+ Kf8 28.
Be4 Qxb2+ 29. Qxb2 axb2+ 30. Kxb2 Ke7 31. Ra1 f5 32. Bd3 Ra8 33. Bb5 Rhb8 34.
c4 Ra7 35. Kc3 Kf6 36. Ra2 g5 37. hxg5+ Kxg5 38. Kd3 h4 39. Ke2 Bxd4 40. exd4
Kf4 41. Kd3 Kg3 42. Kc3 f4 43. Bc6 Re7 44. Rd2 Re3+ 45. Kc2 Rbb3 46. c5 Rec3+
47. Kd1 Rb1+ 0-1

[Event "Zalakarosi Sakkfesztivál open"]
[Site "Zalakaros"]
[Date "2018.05.30"]
[Round "6.16"]
[White "Csonka, Attila Istvan"]
[Black "Kincs, Imre"]
[Result "1-0"]
[WhiteElo "2372"]
[BlackElo "2210"]
[PlyCount "77"]
[EventDate "2018.05.25"]
[EventType "swiss"]
[EventRounds "9"]
[EventCountry "HUN"]

1. e4 c6 2. d4 d5 3. Nc3 dxe4 4. Nxe4 Nd7 5. Nf3 Ngf6 6. Ng3 e6 7. Bd3 Bd6 8.
O-O Qc7 9. Qe2 O-O 10. Re1 b6 11. Bg5 Bb7 12. Rad1 h6 13. Bxf6 Nxf6 14. Ne4 Be7
15. c3 Rfd8 16. Bc2 c5 17. dxc5 bxc5 18. Nxf6+ Bxf6 19. Be4 Bxe4 20. Qxe4 Rab8
21. Qc2 Rxd1 22. Rxd1 Qa5 23. a3 Qb5 24. Rd2 Qc4 25. g3 g5 26. Ne1 Kg7 27. Ng2
h5 28. h3 Rb7 29. Qd1 Kg6 30. Ne3 Qa6 31. Qf3 Be7 32. g4 h4 33. Nc4 Kg7 34. Qe4
Bf6 35. Rd6 Qb5 36. a4 Qxa4 37. Qxb7 Qxc4 38. Rd7 e5 39. Qd5 1-0

[Event "Zalakarosi Sakkfesztivál open"]
[Site "Zalakaros"]
[Date "2018.05.30"]
[Round "6.17"]
[White "Kosztolanczi, Gyula"]
[Black "Czebe, Attila"]
[Result "0-1"]
[WhiteElo "2130"]
[BlackElo "2422"]
[PlyCount "78"]
[EventDate "2018.05.25"]
[EventType "swiss"]
[EventRounds "9"]
[EventCountry "HUN"]

1. e4 g6 2. d4 d6 3. Nc3 c6 4. f4 d5 5. Nf3 dxe4 6. Nxe4 Bg7 7. Bc4 Nh6 8. c3
O-O 9. Be3 Nd7 10. Qd2 b5 11. Bb3 Nf5 12. Bf2 Nd6 13. Nxd6 exd6 14. O-O Nb6 15.
Bh4 Qc7 16. Rae1 Nc4 17. Bxc4 bxc4 18. Be7 Bf5 19. Bxf8 Rxf8 20. Re3 Qa5 21.
Nh4 Bd3 22. Rxd3 cxd3 23. Qxd3 Qxa2 24. f5 Qxb2 25. f6 Bh6 26. Qg3 Kh8 27. Qxd6
Qxc3 28. Nf3 Kg8 29. Rb1 c5 30. d5 c4 31. Ne5 Qe3+ 32. Kh1 c3 33. Rf1 c2 34.
Ng4 c1=Q 35. Nxe3 Qxe3 36. Qe7 Re8 37. d6 Rxe7 38. dxe7 Bg5 39. Rd1 Bxf6 0-1

[Event "Zalakarosi Sakkfesztivál open"]
[Site "Zalakaros"]
[Date "2018.05.30"]
[Round "6.18"]
[White "Zentai, Peter"]
[Black "Kovacs, Judit"]
[Result "1-0"]
[WhiteElo "2327"]
[BlackElo "2127"]
[PlyCount "61"]
[EventDate "2018.05.25"]
[EventType "swiss"]
[EventRounds "9"]
[EventCountry "HUN"]

1. d4 Nf6 2. c4 g6 3. Nc3 d5 4. Nf3 Bg7 5. e3 O-O 6. Qb3 c6 7. Bd2 e6 8. Bd3
dxc4 9. Bxc4 b5 10. Bd3 a6 11. Ne4 Nxe4 12. Bxe4 Bb7 13. Rc1 Re8 14. O-O e5 15.
dxe5 Bxe5 16. Nxe5 Rxe5 17. Qc2 Nd7 18. Bc3 Re6 19. g3 Qe7 20. Bg2 Ne5 21. Bd4
Rd8 22. Rfd1 Red6 23. b4 Nc4 24. Bc5 Rxd1+ 25. Rxd1 Qc7 26. Rd4 a5 27. Qd3 Rxd4
28. Qxd4 Bc8 29. Bxc6 Qxc6 30. Qd8+ Kg7 31. Bf8+ 1-0

[Event "Zalakarosi Sakkfesztivál open"]
[Site "Zalakaros"]
[Date "2018.05.30"]
[Round "6.19"]
[White "Gaal, Zsoka"]
[Black "Radovanovic, Jovica"]
[Result "0-1"]
[WhiteElo "2095"]
[BlackElo "2311"]
[PlyCount "126"]
[EventDate "2018.05.25"]
[EventType "swiss"]
[EventRounds "9"]
[EventCountry "HUN"]

1. Nf3 c5 2. g3 g6 3. Bg2 Bg7 4. d4 cxd4 5. Nxd4 Nc6 6. Nxc6 bxc6 7. O-O Rb8 8.
c3 Nf6 9. Qc2 O-O 10. b3 d5 11. Bb2 Bf5 12. Qc1 e5 13. Nd2 Qd7 14. Rd1 Bh6 15.
Ne4 Bxe4 16. Qxh6 Bxg2 17. Kxg2 Qf5 18. Qe3 Rfe8 19. Rac1 a5 20. Qd3 Qe6 21. e3
c5 22. h4 a4 23. c4 d4 24. exd4 exd4 25. Qf3 axb3 26. axb3 Nd7 27. Ba3 Ne5 28.
Qd5 Rxb3 29. Bxc5 Nd3 30. Rc2 Nxc5 31. Rxd4 Qe7 32. Rdd2 Qe4+ 33. f3 Qxd5 34.
cxd5 Rd3 35. Rxd3 Nxd3 36. Rd2 Nc5 37. d6 f6 38. Rc2 Nd7 39. g4 Kf7 40. f4 Re4
41. Kf3 Rd4 42. h5 Rxd6 43. hxg6+ hxg6 44. Rc7 Ke7 45. Ra7 Rb6 46. Ra8 Rb8 47.
Ra6 Rb3+ 48. Kg2 Nc5 49. Ra7+ Rb7 50. Ra5 Ne6 51. Ra4 g5 52. fxg5 fxg5 53. Ra5
Rb3 54. Rf5 Rc3 55. Ra5 Rc5 56. Ra4 Kf6 57. Kf3 Rc3+ 58. Kg2 Ke5 59. Kf2 Rd3
60. Ra6 Nc5 61. Ra5 Rc3 62. Ra1 Kf4 63. Rg1 Rc2+ 0-1

[Event "Zalakarosi Sakkfesztivál open"]
[Site "Zalakaros"]
[Date "2018.05.30"]
[Round "6.20"]
[White "Borsos, Bogdan"]
[Black "Csala, Imre"]
[Result "1-0"]
[WhiteElo "2277"]
[BlackElo "2093"]
[PlyCount "97"]
[EventDate "2018.05.25"]
[EventType "swiss"]
[EventRounds "9"]
[EventCountry "HUN"]

1. d4 Nf6 2. Bg5 c5 3. d5 Qb6 4. Nc3 h6 5. Bd2 e5 6. e4 d6 7. Bb5+ Bd7 8. a4
Be7 9. Nge2 O-O 10. O-O Bg4 11. f3 a6 12. a5 Qd8 13. Bc4 Bc8 14. Na4 Nbd7 15.
Ng3 Ne8 16. Kh1 Bg5 17. Bd3 g6 18. c4 Rb8 19. b4 b5 20. axb6 Nxb6 21. bxc5 Nxa4
22. Bxg5 hxg5 23. Qxa4 dxc5 24. Rfb1 Rxb1+ 25. Rxb1 Qc7 26. h3 Kg7 27. Kg1 Kf6
28. Nf1 Ke7 29. Nd2 f5 30. Nb3 Nf6 31. Qa5 Qxa5 32. Nxa5 Nd7 33. Bc2 Rf6 34.
Nc6+ Kd6 35. Kf2 f4 36. Ke2 Kc7 37. Kd2 Bb7 38. Na5 Ba8 39. Kc3 Nb6 40. Ra1 Nd7
41. Ba4 Nb6 42. Bc6 Rf8 43. Rb1 Bxc6 44. Nxc6 Re8 45. Ra1 Kb7 46. Na5+ Ka7 47.
Rb1 Na4+ 48. Kc2 Nb6 49. d6 1-0

[Event "Zalakarosi Sakkfesztivál open"]
[Site "Zalakaros"]
[Date "2018.05.30"]
[Round "6.21"]
[White "Polajzer, Danilo"]
[Black "Gombocz, Ferenc Jr."]
[Result "0-1"]
[WhiteElo "2273"]
[BlackElo "2077"]
[PlyCount "72"]
[EventDate "2018.05.25"]
[EventType "swiss"]
[EventRounds "9"]
[EventCountry "HUN"]

1. d4 d5 2. c4 c6 3. Nf3 Nf6 4. e3 Bf5 5. cxd5 cxd5 6. Nc3 e6 7. Ne5 Nfd7 8.
Qb3 Nxe5 9. dxe5 Qd7 10. Be2 Nc6 11. O-O Bc5 12. Qb5 Be7 13. Rd1 Qc7 14. e4
dxe4 15. Bf4 O-O 16. Qc4 a6 17. Nxe4 b5 18. Qc2 Qb6 19. Be3 Qb7 20. Bf3 Nxe5
21. Bd4 Nxf3+ 22. gxf3 Rac8 23. Qe2 Qc7 24. Qe3 e5 25. Bb6 Qb8 26. Nc3 h6 27.
Rd5 Bf6 28. Rad1 Rfe8 29. Rd6 Be7 30. R6d5 Bg5 31. Ba7 Bxe3 32. Bxb8 Bd4 33.
Bd6 Be6 34. R5xd4 exd4 35. Rxd4 Bh3 36. Rd1 Rcd8 0-1

[Event "Zalakarosi Sakkfesztivál open"]
[Site "Zalakaros"]
[Date "2018.05.30"]
[Round "6.22"]
[White "Marton, Jozsef"]
[Black "Saber, Yasser"]
[Result "0-1"]
[WhiteElo "2080"]
[BlackElo "2266"]
[PlyCount "62"]
[EventDate "2018.05.25"]
[EventType "swiss"]
[EventRounds "9"]
[EventCountry "HUN"]

1. e4 d6 2. d4 Nf6 3. Nc3 g6 4. Be2 Bg7 5. Nf3 O-O 6. O-O c6 7. h3 Nbd7 8. Be3
Qc7 9. a4 e5 10. Qd2 Re8 11. dxe5 Nxe5 12. Rad1 Bf8 13. Nd4 Ned7 14. f3 b6 15.
Bf4 Bb7 16. Nb3 Ne5 17. Bg5 Ned7 18. Bf4 Ne5 19. Bg5 Qe7 20. Bxf6 Qxf6 21. f4
Nd7 22. e5 Qg7 23. exd6 Rad8 24. f5 Ne5 25. fxg6 hxg6 26. Qf4 Bxd6 27. Rxd6
Rxd6 28. Ne4 Rde6 29. Nd4 Nf3+ 30. Bxf3 Qxd4+ 31. Kh1 f5 0-1

[Event "Zalakarosi Sakkfesztivál open"]
[Site "Zalakaros"]
[Date "2018.05.30"]
[Round "6.23"]
[White "Kernazhitsky, Leonid"]
[Black "Diller, Denis"]
[Result "1/2-1/2"]
[WhiteElo "2250"]
[BlackElo "2008"]
[PlyCount "104"]
[EventDate "2018.05.25"]
[EventType "swiss"]
[EventRounds "9"]
[EventCountry "HUN"]

1. e4 e6 2. d4 d5 3. e5 c5 4. c3 Qb6 5. Nf3 Nc6 6. a3 cxd4 7. cxd4 Nge7 8. Nc3
Nf5 9. Na4 Qd8 10. Bg5 Be7 11. h4 Bd7 12. Nc5 f6 13. exf6 gxf6 14. Nxd7 Qxd7
15. Bf4 Bd6 16. Bxd6 Nxd6 17. Bd3 O-O-O 18. Qa4 Kb8 19. O-O-O Ne4 20. Rhf1 Qc7
21. Kb1 Rhe8 22. g3 Qb6 23. Qb5 Qxb5 24. Bxb5 a6 25. Bd3 f5 26. Rc1 Nxd4 27.
Nxd4 Nd2+ 28. Ka2 Nxf1 29. Rxf1 e5 30. Nxf5 e4 31. Be2 d4 32. g4 Re5 33. h5 d3
34. Bd1 b5 35. Re1 Kc7 36. f3 d2 37. Rxe4 Rde8 38. Rd4 Rd8 39. Rxd8 Kxd8 40.
Kb1 Rc5 41. Ne3 Re5 42. Ng2 Rc5 43. Ka2 Ke7 44. f4 Kd6 45. Ne3 Rc1 46. g5 Kc5
47. Bf3 Re1 48. Nd1 Rf1 49. Be2 Re1 50. Bg4 Rg1 51. Be2 Re1 52. Bg4 Rg1 1/2-1/2

[Event "Zalakarosi Sakkfesztivál open"]
[Site "Zalakaros"]
[Date "2018.05.30"]
[Round "6.24"]
[White "Virag, Balint"]
[Black "Molnar, Erno"]
[Result "1-0"]
[WhiteElo "2065"]
[BlackElo "2243"]
[PlyCount "77"]
[EventDate "2018.05.25"]
[EventType "swiss"]
[EventRounds "9"]
[EventCountry "HUN"]

1. e4 e5 2. Nf3 Nc6 3. Bb5 a6 4. Ba4 Nf6 5. O-O Be7 6. d3 b5 7. Bb3 d6 8. a4
Bd7 9. Nc3 Na5 10. Ba2 b4 11. Ne2 O-O 12. c3 c5 13. cxb4 cxb4 14. d4 Nc6 15.
dxe5 Nxe5 16. Nfd4 Rc8 17. f3 Qa5 18. Bf4 Ng6 19. Qd2 d5 20. e5 Nh5 21. g3
Nhxf4 22. gxf4 Rfd8 23. Kh1 Qb6 24. Qe3 Bc5 25. Rg1 Ne7 26. Bb1 g6 27. Qd2 Kh8
28. Rg5 f6 29. Rg3 f5 30. Rh3 Nc6 31. Nxc6 Bxc6 32. a5 Qa7 33. Bd3 Be3 34. Qxb4
d4 35. Qb6 Qa8 36. Rf1 Rb8 37. Qc5 Qb7 38. Bxa6 Qb4 39. Qxc6 1-0

[Event "Zalakarosi Sakkfesztivál open"]
[Site "Zalakaros"]
[Date "2018.05.30"]
[Round "6.25"]
[White "Szalanczy, Emil"]
[Black "Hadzi - Manev, Ljubomir"]
[Result "1-0"]
[WhiteElo "2233"]
[BlackElo "2049"]
[PlyCount "71"]
[EventDate "2018.05.25"]
[EventType "swiss"]
[EventRounds "9"]
[EventCountry "HUN"]

1. e4 g6 2. d4 Bg7 3. Nc3 a6 4. Be3 b5 5. Qd2 d6 6. h4 h5 7. O-O-O Nd7 8. Kb1
Bb7 9. f3 c5 10. Nh3 b4 11. Ne2 Qb6 12. Ng5 Ngf6 13. Nf4 Nh7 14. dxc5 Nxc5 15.
Nxf7 Kxf7 16. Bc4+ Ke8 17. Nxg6 Nf6 18. e5 d5 19. exf6 Qxf6 20. Qxb4 a5 21.
Bb5+ Kf7 22. Nxh8+ Bxh8 23. Qf4 Qxf4 24. Bxf4 e5 25. Bc1 Rb8 26. a4 d4 27. Rhe1
Bc8 28. Bd2 Bf5 29. Bxa5 Ra8 30. Bc7 e4 31. fxe4 Bxe4 32. Rxe4 Nxe4 33. a5 Rc8
34. Bb6 Nd6 35. Be2 Kg6 36. Bxd4 1-0

[Event "Zalakarosi Sakkfesztivál open"]
[Site "Zalakaros"]
[Date "2018.05.30"]
[Round "6.26"]
[White "Bai, Adelard"]
[Black "Suta, Andraz"]
[Result "1/2-1/2"]
[WhiteElo "2042"]
[BlackElo "2212"]
[PlyCount "54"]
[EventDate "2018.05.25"]
[EventType "swiss"]
[EventRounds "9"]
[EventCountry "HUN"]

1. d4 Nf6 2. c4 e6 3. Nc3 Bb4 4. e3 O-O 5. Bd2 b6 6. Nf3 Bb7 7. Bd3 d5 8. cxd5
exd5 9. O-O Nbd7 10. Rc1 a6 11. a3 Bd6 12. b4 Re8 13. Qb3 c6 14. Na4 Ne4 15.
Nc5 Bc8 16. Na4 Bb7 17. Nc5 Bc8 18. Na4 Ndf6 19. Rxc6 Bg4 20. Qc2 Bxf3 21. gxf3
Ng4 22. Rxd6 Qh4 23. fxg4 Qxg4+ 24. Kh1 Qf3+ 25. Kg1 Qg4+ 26. Kh1 Qf3+ 27. Kg1
Qg4+ 1/2-1/2

[Event "Zalakarosi Sakkfesztivál open"]
[Site "Zalakaros"]
[Date "2018.05.30"]
[Round "6.27"]
[White "Czupor, Attila"]
[Black "Vukovic, Ivo"]
[Result "1-0"]
[WhiteElo "2209"]
[BlackElo "2031"]
[PlyCount "39"]
[EventDate "2018.05.25"]
[EventType "swiss"]
[EventRounds "9"]
[EventCountry "HUN"]

1. e4 e5 2. Nf3 Nc6 3. Bb5 Nge7 4. c3 d6 5. d4 Bd7 6. O-O Ng6 7. Re1 Be7 8. Bf1
O-O 9. d5 Nb8 10. Qb3 Qc8 11. Be3 a5 12. Nbd2 b6 13. Qc2 f5 14. exf5 Bxf5 15.
Bd3 Bxd3 16. Qxd3 Nh4 17. Nxh4 Bxh4 18. Qc4 Bf6 19. Ne4 h6 20. Nxf6+ 1-0

[Event "Zalakarosi Sakkfesztivál open"]
[Site "Zalakaros"]
[Date "2018.05.30"]
[Round "6.28"]
[White "Kareva, Natalia"]
[Black "Stifter, Ewald"]
[Result "1-0"]
[WhiteElo "2206"]
[BlackElo "1979"]
[PlyCount "65"]
[EventDate "2018.05.25"]
[EventType "swiss"]
[EventRounds "9"]
[EventCountry "HUN"]

1. d4 Nf6 2. c4 c5 3. d5 b5 4. cxb5 a6 5. b6 d6 6. Nc3 Qxb6 7. e4 g6 8. Nf3 Bg7
9. Nd2 O-O 10. Nc4 Qc7 11. Be2 a5 12. O-O Ba6 13. Na3 Bxe2 14. Qxe2 Qb7 15. Bg5
Na6 16. Rad1 Rfb8 17. Rd2 Ne8 18. Rc1 h6 19. Be3 Nec7 20. Nc4 Nb5 21. Nxa5 Nxc3
22. bxc3 Qb5 23. Nc6 Rb7 24. Nxe7+ Kf8 25. Qxb5 Rxb5 26. Nc6 Bxc3 27. Bxh6+ Ke8
28. Re2 Bf6 29. e5 dxe5 30. Nxe5 Bxe5 31. Rxe5+ Kd7 32. Rce1 Nb4 33. Bf4 1-0

[Event "Zalakarosi Sakkfesztivál open"]
[Site "Zalakaros"]
[Date "2018.05.30"]
[Round "6.29"]
[White "Vinkovics, Sandor"]
[Black "Ugroczky, Peter"]
[Result "0-1"]
[WhiteElo "2054"]
[BlackElo "2197"]
[PlyCount "64"]
[EventDate "2018.05.25"]
[EventType "swiss"]
[EventRounds "9"]
[EventCountry "HUN"]

1. d4 d5 2. Nf3 Nf6 3. Bg5 e6 4. e3 Nbd7 5. Be2 Be7 6. O-O Ne4 7. Bxe7 Qxe7 8.
c4 O-O 9. Qc2 c6 10. Nc3 Ndf6 11. Ne5 Nxc3 12. bxc3 Ne4 13. cxd5 exd5 14. f3
Nd6 15. Bd3 g6 16. Rae1 f6 17. Ng4 Bxg4 18. fxg4 Rae8 19. Rf4 Kg7 20. c4 Qe6
21. c5 Nf7 22. h4 Nh6 23. Qe2 f5 24. gxf5 Nxf5 25. Qf2 Nh6 26. e4 Ng4 27. Qg3
Nf6 28. Qe3 dxe4 29. Qe2 Qd5 30. Bxe4 Qxd4+ 31. Qe3 Qc4 32. Rc1 Rxe4 0-1

[Event "Zalakarosi Sakkfesztivál open"]
[Site "Zalakaros"]
[Date "2018.05.30"]
[Round "6.30"]
[White "Chubar, Vladimir"]
[Black "Biro, Sandor"]
[Result "1/2-1/2"]
[WhiteElo "2011"]
[BlackElo "2191"]
[PlyCount "68"]
[EventDate "2018.05.25"]
[EventType "swiss"]
[EventRounds "9"]
[EventCountry "HUN"]

1. Nf3 Nf6 2. d4 g6 3. Bg5 Bg7 4. Nbd2 O-O 5. c3 h6 6. Bh4 d6 7. e4 Nbd7 8. Bc4
e5 9. dxe5 dxe5 10. O-O Qe7 11. Qc2 Kh8 12. a4 a5 13. h3 g5 14. Bg3 Nh5 15. Kh1
Nf4 16. Rfe1 Nc5 17. Nb3 f5 18. Bxf4 gxf4 19. Nxc5 Qxc5 20. Bd3 fxe4 21. Bxe4
Bf6 22. Rad1 Be6 23. Bxb7 Rab8 24. Qe4 Bg7 25. Nh4 Rf7 26. Bd5 Bxd5 27. Rxd5
Qxf2 28. Ng6+ Kg8 29. Red1 f3 30. Rd8+ Rxd8 31. Rxd8+ Bf8 32. gxf3 Qf1+ 33. Kh2
Qf2+ 34. Kh1 Qf1+ 1/2-1/2

[Event "Zalakarosi Sakkfesztivál open"]
[Site "Zalakaros"]
[Date "2018.05.30"]
[Round "6.31"]
[White "Smirnov, Mark A."]
[Black "Bozinovic, Bogdan"]
[Result "0-1"]
[WhiteElo "1914"]
[BlackElo "2176"]
[PlyCount "72"]
[EventDate "2018.05.25"]
[EventType "swiss"]
[EventRounds "9"]
[EventCountry "HUN"]

1. d4 Nf6 2. c4 c5 3. d5 e6 4. Nc3 exd5 5. cxd5 d6 6. e4 g6 7. Nf3 a6 8. a4 Bg4
9. Be2 Bxf3 10. Bxf3 Nbd7 11. Bf4 Qe7 12. O-O Bg7 13. Re1 O-O 14. e5 Nxe5 15.
Bxe5 dxe5 16. d6 Qe6 17. Bxb7 Rad8 18. Qe2 Rxd6 19. Qxe5 Qxe5 20. Rxe5 Rb8 21.
Bf3 Nd7 22. Re2 Rxb2 23. Ne4 Rdb6 24. Rd1 Bd4 25. Nxc5 Nxc5 26. Re8+ Kg7 27.
Rxd4 Rb1+ 28. Rd1 Rxd1+ 29. Bxd1 Rb1 30. Rd8 Nxa4 31. Kf1 Nc3 32. Ke1 Rxd1+ 33.
Rxd1 Nxd1 34. Kxd1 Kf6 35. Kc2 Ke5 36. Kc3 f5 0-1

[Event "Zalakarosi Sakkfesztivál open"]
[Site "Zalakaros"]
[Date "2018.05.30"]
[Round "6.32"]
[White "Boguszlavszkij, Jevgenyij"]
[Black "Pervai, Laszlo"]
[Result "1-0"]
[WhiteElo "2173"]
[BlackElo "1745"]
[PlyCount "55"]
[EventDate "2018.05.25"]
[EventType "swiss"]
[EventRounds "9"]
[EventCountry "HUN"]

1. g3 c5 2. Bg2 Nc6 3. e4 g6 4. f4 Bg7 5. Nf3 d6 6. O-O e6 7. c3 Nge7 8. d3 d5
9. a4 Rb8 10. Be3 d4 11. Bf2 a6 12. c4 Bd7 13. Qe2 O-O 14. Nbd2 Nb4 15. b3 b5
16. axb5 axb5 17. g4 f5 18. gxf5 exf5 19. Bh4 Bf6 20. Bxf6 Rxf6 21. e5 Rfb6 22.
Rfc1 Bc6 23. Ne1 Qc7 24. Bxc6 Qxc6 25. Qf3 Qxf3 26. Ndxf3 bxc4 27. Rxc4 Ra6 28.
Rxb4 1-0

[Event "Zalakarosi Sakkfesztivál open"]
[Site "Zalakaros"]
[Date "2018.05.30"]
[Round "6.33"]
[White "Tran, David"]
[Black "Medancic, Rikard"]
[Result "1/2-1/2"]
[WhiteElo "1892"]
[BlackElo "2164"]
[PlyCount "147"]
[EventDate "2018.05.25"]
[EventType "swiss"]
[EventRounds "9"]
[EventCountry "HUN"]

1. e4 e5 2. Nf3 Nc6 3. Bb5 a6 4. Ba4 d6 5. c3 Bd7 6. d4 Nge7 7. O-O g6 8. d5
Nb8 9. Bxd7+ Qxd7 10. c4 Bg7 11. Nc3 O-O 12. b4 a5 13. bxa5 Rxa5 14. Bd2 Ra8
15. Qc1 c6 16. Bg5 f6 17. Be3 cxd5 18. cxd5 Na6 19. Qd2 Rfc8 20. Rfc1 Nc5 21.
Bxc5 Rxc5 22. Nd1 Rca5 23. Qc2 Rc5 24. Qd2 Rxc1 25. Rxc1 f5 26. Nc3 Ra5 27. Ng5
Bh6 28. h4 Rc5 29. Kh2 Qc8 30. f3 fxe4 31. fxe4 Qg4 32. g3 Bxg5 33. Qxg5 Qxg5
34. hxg5 Rc4 35. Kg2 Kg7 36. Kf3 Kf7 37. Ke3 Ng8 38. Kd3 Rd4+ 39. Ke3 Rb4 40.
Rb1 Rxb1 41. Nxb1 Ke7 42. Nd2 h6 43. gxh6 Nxh6 44. Kd3 Ng4 45. Kc4 Kd7 46. Kb5
Kc7 47. a4 Ne3 48. a5 Nc2 49. Nc4 Nd4+ 50. Kb4 Ne2 51. g4 Nf4 52. Nd2 Nd3+ 53.
Kc4 Nf2 54. g5 Nh3 55. Nf3 Nf4 56. Nh4 Kd7 57. Kb5 Kc7 58. Kc4 Kb8 59. Kb3 Ka7
60. Ka4 Nd3 61. Nxg6 Nc5+ 62. Kb4 Nxe4 63. Nxe5 dxe5 64. g6 Kb8 65. g7 Nf6 66.
Kc5 e4 67. Kd4 e3 68. Kxe3 Nxd5+ 69. Kd4 Nf6 70. Ke5 Ng8 71. Ke6 Ka7 72. Kf7
Nh6+ 73. Kg6 Ng8 74. Kf7 1/2-1/2